LDR 01143naa#a2200229#i#450# 001 RU\RIOR\bibl\125472 005 20260706013446.1 011 ## _a2409-5087 100 ## _a20260630b2026####ek#y0rusy0150####ca 102 ## _aRU 200 1# _aЗарубежный опыт правового регулирования использования искусственного интеллекта в здравоохранении стран БРИКС _eЖурнальная статья 210 1# _aМосква _cООО "Издательский Центр РИОР" _d2026 215 ## _a4 с. 606 ## _aЮриспруденция. 40.03.01 _2local 608 ## _aЖурнальная статья _2local 675 ## _aСравнение прав. 34.05 _z 686 ## _aОбщественные науки в целом. 60 _2bbk 686 ## _aГосударство и право отдельных стран. 10.91 _2grnti 686 ## _aТеория государства и права. 10.07 _2grnti 700 #1 _aСлеженков _gВладимир Владимирович 700 #1 _aДжикия _gМихаил Давидович 856 4# _azh-szf.ru _u